[Event "Minsk Kupreichik Memorial rapid"]
[Site "Minsk"]
[Date "2019.08.17"]
[Round "8"]
[White "Sadovnikov, Konstantin"]
[Black "Kozlov, Valentin"]
[Result "1-0"]
[WhiteElo "1798"]
[BlackElo "1624"]
[PlyCount "49"]
[EventDate "2019.08.15"]
[EventType "swiss (rapid)"]
[EventRounds "10"]
[EventCountry "BLR"]
[SourceTitle "CBM 191 Extra"]
[Source "ChessBase"]
[SourceDate "2019.09.30"]
[SourceVersion "1"]
[SourceVersionDate "2019.09.30"]
[SourceQuality "1"]

1. e4 c5 2. Nc3 Nc6 3. f4 e6 4. Nf3 Be7 5. d3 Nf6 6. g3 0-0 7. Bg2 a6 8. 0-0 b5 9. h3 d6 10. g4 Nd7 11. f5 exf5 12. exf5 Bb7 13. Nd5 Nf6 14. Nf4 Qc7 15. g5 Nd7 16. Nd5 Qd8 17. Qe1 Re8 18. Qg3 Nd4 19. Nxd4 Bxd5 20. Bxd5 cxd4 21. g6 Ne5 22. gxf7+ Nxf7 23. Bh6 Bf6 24. Bxg7 Bxg7 25. f6 1-0

[Event "Minsk Kupreichik Memorial op"]
[Site "Minsk"]
[Date "2018.06.23"]
[Round "10"]
[White "Mialik, Uladzislau"]
[Black "Kozlov, Valentin"]
[Result "1/2-1/2"]
[WhiteElo "1804"]
[BlackElo "1619"]
[PlyCount "67"]
[EventDate "2018.06.21"]
[EventType "swiss (rapid)"]
[EventRounds "11"]
[EventCountry "BLR"]
[SourceTitle "CBM 185 Extra"]
[Source "ChessBase"]
[SourceDate "2018.07.29"]
[SourceVersion "1"]
[SourceVersionDate "2018.07.29"]
[SourceQuality "1"]

1. Nf3 Nf6 2. g3 g6 3. Bg2 Bg7 4. d4 0-0 5. 0-0 d6 6. Re1 c5 7. c3 cxd4 8. cxd4 Nc6 9. Nc3 Bd7 10. e4 Rc8 11. Qd2 a6 12. b3 Re8 13. Bb2 Qb6 14. Rac1 Bg4 15. d5 Bxf3 16. Bxf3 Ne5 17. Bg2 Nfg4 18. Na4 Qxf2+ 19. Qxf2 Nxf2 20. Bxe5 Bxe5 21. Kxf2 b5 22. Bh3 Rxc1 23. Rxc1 bxa4 24. Bd7 axb3 25. axb3 Rb8 26. Rc8+ Rxc8 27. Bxc8 a5 28. Kf3 h5 29. h3 Kg7 30. g4 hxg4+ 31. hxg4 Kf6 32. Bd7 e6 33. Bc6 exd5 34. Bxd5 1/2-1/2